000 00320nam a2200133Ia 4500
008 210716s1990 xx 000 0 und d
041 _aeng
082 _a003.57 CROP
100 _aCrookes Philip.
245 _aVentura adventure.
250 _a1
260 _aNew Delhi
_bGalgotia Publications
_c1990
300 _a216,6
999 _c182735
_d182735